| 000 | 00406nam a22001337a 4500 | ||
|---|---|---|---|
| 999 |
_c524000 _d524000 |
||
| 008 | 231020b ||||| |||| 00| 0 eng d | ||
| 100 |
_aSingh, Monika and Gupta, Sanjay _944580 |
||
| 245 | _aImpact of Covid-19 pandemic on mobility patterns of working women using Delhi metro | ||
| 260 | _aNagarlok | ||
| 300 | _a55(1), Mar, 2023: p.41-58 | ||
| 773 | _aNagarlok | ||
| 906 | _aTRANSPORT | ||
| 942 | _cAR | ||